000 00297nam a22001337a 4500
008 170715b xxu||||| |||| 00| 0 eng d
020 _a9781559348591
041 _aeng
080 _24TH
_a572
100 _a24
101 _aANT
245 _aCULTURAL ANTHROPOLOGY
_cSCHULTZ,E.A
942 _2udc
_cBK
999 _c21160
_d21160